Quizzes
Events
Quiz Creation
Community
Videos
Private Events
Remove Ads
Sign In
Join for FREE
Feedback
Dark Mode
Quiz Categories
Sports
Geography
Music
Movies
Television
Just For Fun
Miscellaneous
History
Literature
Language
Science
Gaming
Entertainment
Religion
Holiday
For Kids
Quiz Lab
Recent
Popular Today
Quiz Kudos Today
Editor Picks
Curator Picks
Quizzes by...
Day
Popularity
Type
Ratings
Length
Year
Community
Subscriptions
Recent Discussions
Orange Saloon
Badges
Playlists
Quests
Create
Leaderboards
Showdown
Live 5
Trivia Bingo
Activity
Puzzle Library
Sporcle Events
Private Events
Virtual Trivia
Globe League
Become a Host
Pub Owners
SporcleCon
Opinionation
Our Games
Videos
Blog
Mobile Apps
Partnerships
Remove Ads and Go Orange
Feedback
Television
TV Characters
TV Show
Sitcom
Network
Friends
Reality Shows
Cast
South Park
Star Trek
The Simpsons
Doctor Who
Television
TV Characters
TV Show
Sitcom
Network
Friends
Reality Shows
Cast
South Park
Star Trek
The Simpsons
Doctor Who
Random Quiz
Search Sporcle
×
Quiz Lab
Quiz Lab
Television
Numbers
Type in answers that appear in a list
Type in answers that appear in a list
Classic
Best Score? Go Orange.
Family Guy Episodes Stats
Can you name the Family Guy episodes as of November 25, 2010?
By
pikminpower
10m
158 Questions
105 Plays
105 Plays
105 Plays
Comments
Comments
Give Quiz Kudos
Give Quiz Kudos
-
- Ratings
hide this ad
Replay
Link that replays current quiz
Next Quiz
Link to next quiz in quiz playlist
You Got
0%
They Got
Avg Score
19%
Avg Friend Score
Upgrade to see
Score Distribution
Jump to the score distribution portion of the page
Score
0/158
Timer
10:00
0
Plays Today
Season
Episode
% Correct
76.2%
76.2%
76.2%
Season 1
Death has a Shadow
69.5%
Road to Rhode Island
66.7%
Road to Rupert
54.3%
Chitty Chitty Death Bang
53.3%
Road to Europe
51.4%
Road to Germany
49.5%
Season 8
Road to the Multiverse
45.7%
45.7%
45.7%
PTV
44.8%
Da Boom
43.8%
Stewie Kills Lois
43.8%
Lois Kills Stewie
40%
Season 2
Peter, Peter, Caviar Eater
39%
Holy Crap
39%
Family Gay
39%
I Never Met the Dead Man
37.1%
A Hero Sits Next Door
37.1%
Brian: Portrait of a Dog
36.2%
Season 6
Blue Harvest
35.2%
Mind Over Murder
33.3%
Brian in Love
33.3%
The Son Also Draws
32.4%
Death is a B****
32.4%
Season 5
Stewie Loves Lois
32.4%
Family Goy
30.5%
Peterotica
29.5%
Petarded
28.6%
Season 9
And Then There Were Fewer
28.6%
Brian Does Hollywood
27.6%
Season 4
North by North Quahog
27.6%
Season 3
The Thin White Line
26.7%
Something, Something, Something, Dark Side
25.7%
The King is Dead
24.8%
I am Peter, Hear me Roar
24.8%
Fore Father
24.8%
Death Lives
24.8%
Petergeist
24.8%
Jungle Love
23.8%
Love Thy Trophy
22.9%
Mother Tucker
22.9%
McStroke
22.9%
The Cleveland-Loretta Quagmire
21.9%
420
21.9%
Let's Go to the Hop
21%
E. Peterbus Unum
21%
Mr. Griffin Goes to Washington
20%
When You Wish Upon a Weinstein
20%
Brian Goes Back to College
20%
Peter's Two Dads
20%
Season
Episode
% Correct
Family Guy Viewer Mail #1
19%
Long John Peter
19%
Brian & Stewie
19%
The Kiss Seen Around the World
18.1%
Mr. Saturday Knight
18.1%
Blind Ambition
18.1%
Season 7
Love, Blactually
18.1%
I Dream of Jesus
18.1%
Stew-Roids
18.1%
Three Kings
18.1%
If I'm Dyin', I'm Lyin'
17.1%
Lethal Weapons
17.1%
Peter's Got Woods
17.1%
Peter's Daughter
17.1%
FOX-y Lady
17.1%
Running Mates
16.2%
Hell Comes to Quahog
16.2%
Quagmire's Dad
16.2%
Welcome Back, Carter
16.2%
He's too Sexy for his Fat
15.2%
Wasted Talent
15.2%
Emission Impossible
15.2%
The Father, the Son, and the Holy Fonz
15.2%
Patriot Games
15.2%
Believe it or Not, Joe's Walking on Air
15.2%
Screwed the Pooch
14.3%
Meet the Quagmires
14.3%
Back to the Woods
14.3%
Quamire's Baby
14.3%
A Picture is Worth a 1,000 Bucks
13.3%
The Story on Page One
13.3%
Stuck Together, Torn Apart
13.3%
Airport '07
13.3%
Excellence in Broadcasting
13.3%
Halloween on Spooner Street
13.3%
Fifteen Minutes of Shame
12.4%
Dammit Janet!
12.4%
A Fish Out of Water
12.4%
Chick Cancer
12.4%
Barely Legal
12.4%
Jerome is the New Black
12.4%
Business Guy
12.4%
And the Wiener is...
11.4%
Brian Wallows and Peter's Swallows
11.4%
Model Misbehavior
11.4%
The Courtship of Stewie's Father
11.4%
Deep Throats
11.4%
Padre de Familia
11.4%
Play it Again, Brian
11.4%
Baby Not on Board
11.4%
The Juice is Loose
11.4%
Don't Make Me Over
10.5%
Brian Sings and Swings
10.5%
Season
Episode
% Correct
Stewie B. Goode
10.5%
Whistle While Your Wife Works
10.5%
Bill and Peter's Bogus Journey
10.5%
No Meals on Wheels
10.5%
No Chris Left Behind
10.5%
Peter's Progress
10.5%
The Splendid Source
10.5%
Brian Writes a Bestseller
10.5%
There's Something About Paulie
9.5%
Perfect Castaway
9.5%
Stu and Stewie's Excellent Adventure
9.5%
Saving Private Brian
9.5%
Hannah Banana
9.5%
To Love and Die in Dixie
8.6%
A Very Special Family Guy Freakin' Christmas
8.6%
Sibling Rivalry
8.6%
Movin' Out (Brian's Song)
8.6%
We Love You, Conrad
8.6%
Go Stewie Go
8.6%
Baby, You Knock Me out
8.6%
Fast Times at Buddy Cianci Jr. High
7.6%
8 Simple Rules for Buying My Teenage Daughter
7.6%
Prick Up Your Ears
7.6%
The Tan Aquatic With Steve Zissou
7.6%
Boys do Cry
7.6%
Ocean's Three and a Half
7.6%
Dial Meg for Murder
7.6%
Peter Griffin: Father, Husband... Brother?
6.7%
From Method to Madness
6.7%
Untitled Griffin Family History
6.7%
Bango Was His Name, Oh!
6.7%
It Takes a Village Idiot, and I Married One
6.7%
Dog Gone
6.7%
The Man With Two Brians
5.7%
Brian's Got a Brand New Bag
5.7%
Peter-assment
5.7%
April in Quahog
5.7%
Partial Terms of Endearment
5.7%
Breaking Out is Hard to Do
4.8%
The Former Life of Brian
4.8%
Tales of a Third Grade Nothing
4.8%
Not All Dogs Go to Heaven
4.8%
Spies Reminiscent of Us
4.8%
Ready, Willing, and Disabled
3.8%
Big Man on Hippocampus
3.8%
Brian Griffin's House of Payne
3.8%
Brian the Bachelor
2.9%
The Fat Guy Stranger
1.9%
One if by Land, Two if by Sea
1%
I Take Three Quagmire
1%
You May Now Kiss the... Uh... Gay Guy Who Recieves
1%
Extra Large Medium
1%
Quiz Playlist
Details
Report
Send in Message
Add To Playlist
Classic:
Type in answers that appear in a list
Last Updated: Feb 16, 2017
Quiz Scoreboard
CHALLENGE
Sign Up to Join the Scoreboard
Show All
Scores
Hide
Comments
May contain spoilers
Recently Published
One Thing in Common: World Cities II
by knightlancer
Geography
7m
Popular People in 1961
by mucciniale
History
6m
1-10 Letter E Words III
by El_Dandy
Language
2m
More to Explore
Quiz From the Vault
Featured Blog Post
Where Did the Easter Bunny Come From?
hide this ad
You Might Also Like...
Tags
Numbers Quiz
2010
episode
Family
Guy
November
season
Today's Top Quizzes in Television
Browse Television
hide this ad
Today's Top Quizzes in Numbers
Browse Numbers
Top Contributed Quizzes in Television
1
One Piece Logic Puzzle
2
Survivor Logic Puzzle: Heroes vs. Villains
3
Survivor Seasons
4
Survivor Season by Logo
5
Ultimate Survivor Logic Puzzle
6
Survivor Logic Puzzle: Winners at War
7
Survivor Trivia
8
Survivor Heroes vs. Villains Logic Puzzle
9
All US Survivor Seasons in Order
10
Emmerdale Characters (from August 2012)
Explore More
Trending Topics
Anime
NBA
Kpop
Crossword
Disney
Marvel
Harry Potter
NFL
Soccer
The Office
WWE
Pokémon
Song
Country
Puzzle
hide this ad
More By:
pikminpower
Quiz
Plays
Rating
Category
Featured
Created
United States Capitals
2,577
3.44
Geography
Jan 21, 2011
Everybody Loves Raymond Characters
2,573
3.70
Television
Dec 27, 2010
Name 45 different Nintendo franchises
1,562
2.37
Gaming
Nov 8, 2010
Rooms in Luigi's Mansion
749
4.20
Gaming
Jan 31, 2011
Nintendo characters to the franchise
435
2.50
Gaming
Oct 17, 2010
Go to Creator's Profile
Score Distribution
Quiz Creator Spotlight
pikminpower
Follow
Send a Message
Quizzes Created
-
Created Quiz Play Count
-
More By This Creator
Popular Quizzes Today
1
Find the US States - No Outlines Minefield
2
The Countries of the World
3
Popular People in 1961
4
Find the Countries of Europe - No Outlines Minefield
5
1-10 Letter E Words III
6
Find the US States
7
One Thing in Common: World Cities II
8
US States
More Television Quizzes
TV Shows Set in Illinois
Published
Trending Quizzes
Country Music Stars Doing Things
Get the Picture: Carrie or Dolly
1-10 Letter F Words
1-10 Letter G Words
Risky Map Clicking: Next State Alphabetically
Recently Updated
Leaping Animals
pecheneg
Reality TV Shows (A-Z)
bhenderson79
Rickey Henderson's Hall of Fame Teammates
pecheneg
Champions League XIs: Arsenal
pecheneg
Quick Pick: Celebrities in WWE's Hall of Fame
aduchscher
A-Z Keypad Blitz II
pecheneg
Multiple Oscar Actors
pecheneg
Mystery Phrase Blitz: Oscar 'Best Actors'
pecheneg
F. Scott Fitzgerald Novels
LTH
Pick 3 Villains
ddd62291
Trending Topics
Harry Potter
Anime
Marvel
NBA
Crossword
Kpop
Disney
Puzzle
The Office
WWE
Soccer
NFL
Country
Pokémon
Song
Your Account Isn't Verified!
In order to create a playlist on Sporcle, you need to verify the email address you used during registration. Go to your
Sporcle Settings
to finish the process.
Report this User
Report this user for behavior that violates our
Community Guidelines
.
Details:
Send Report
Go to the Sporcle.com Mobile Site →
Comments